Formula One races won by Max Verstappen - Statistics

General Stats
  • This quiz has been taken 4,713 times
    1,331 since last reset
  • The average score is 59 of 71
Answer Stats
Year Grand Prix % Correct
2016 Spain
95%
2022 Spain
95%
2023 Spain
95%
2024 Spain
95%
2022 Italy
93%
2023 Italy
93%
2022 Japan
92%
2023 Japan
92%
2024 Japan
92%
2025 Japan
92%
2023 Australia
90%
2021 Netherlands
90%
2022 Netherlands
90%
2023 Netherlands
90%
2019 Brazil
89%
2024 China
89%
2021 United States
89%
2022 United States
89%
2023 United States
89%
2025 United States
89%
2017 Mexico
88%
2018 Mexico
88%
2021 Mexico City
88%
2022 Mexico City
88%
2023 Mexico City
88%
2021 Monaco
88%
2023 Monaco
88%
2023 Qatar
88%
2024 Qatar
88%
2025 Qatar
88%
2023 São Paulo
88%
2024 São Paulo
88%
2018 Austria
87%
2019 Austria
87%
2021 Austria
87%
2023 Austria
87%
2021 Belgium
87%
2022 Belgium
87%
2023 Belgium
87%
2020 Abu Dhabi
85%
2021 Abu Dhabi
85%
2022 Abu Dhabi
85%
2023 Abu Dhabi
85%
2025 Abu Dhabi
85%
2023 Bahrain
85%
2024 Bahrain
85%
2021 France
85%
2022 France
85%
2022 Saudi Arabia
84%
2024 Saudi Arabia
84%
2022 Canada
83%
2023 Canada
83%
2024 Canada
83%
2019 Germany
81%
2023 Las Vegas
80%
2025 Las Vegas
80%
2022 Hungary
79%
2023 Hungary
79%
2022 Miami
79%
2023 Miami
79%
2025 Italy
75%
2022 Azerbaijan
72%
2025 Azerbaijan
72%
2021 Emilia-Romagna
67%
2022 Emilia-Romagna
67%
2024 Emilia-Romagna
67%
2025 Emilia-Romagna
67%
2017 Malaysia
62%
2023 Great Britain
60%
2021 Styria
27%
2020 70th Anniversary
23%
No matching quizzes found
Score Distribution
Percent of People with Each Score
Percentile by Number Answered
Your Score History
You have not taken this quiz since the last reset